000
00307nam a2200133Ia 4500
008
240624s9999 xx 000 0 und d
041
_a
eng
082
_a
823 DEL
100
_a
DELINSKY BARBARA
245
_a
ESCAPE
260
_c
2012
_a
New Delhi
_b
Canvas
300
_a
328 : p. : cm. ; 20
365
_c
RS
_b
25
999
_c
19887
_d
19887